A text book of genetics / (Record no. 324)

MARC details
000 -LEADER
fixed length control field 00578nam a22002177a 4500
001 - CONTROL NUMBER
control field BD-DhSAU 324
003 - CONTROL NUMBER IDENTIFIER
control field BD-DhSAU
005 - DATE AND TIME OF LATEST TRANSACTION
control field 20141202023208.0
008 - FIXED-LENGTH DATA ELEMENTS--GENERAL INFORMATION
fixed length control field 141202b1986 ii a|||| |||| 001 0 eng d
040 ## - CATALOGING SOURCE
Transcribing agency BD-DhSAU
082 ## - DEWEY DECIMAL CLASSIFICATION NUMBER
Edition number 22
Classification number 581.15
Item number DAA
100 ## - MAIN ENTRY--PERSONAL NAME
Personal name Dalela, R. C.
Relator term Dr.
245 ## - TITLE STATEMENT
Title A text book of genetics/
Statement of responsibility, etc. R. C. Dalela and S. R. Verma
250 ## - EDITION STATEMENT
Edition statement 9th ed.
260 ## - PUBLICATION, DISTRIBUTION, ETC. (IMPRINT)
Place of publication, distribution, etc. Meerut City:
Name of publisher, distributor, etc. Jai Prakash Nath;
Date of publication, distribution, etc. 1986.
300 ## - PHYSICAL DESCRIPTION
Extent v, 626 p. :
Other physical details ill. ;
Dimensions 20 cm.
504 ## - BIBLIOGRAPHY, ETC. NOTE
Bibliography, etc includes index.
590 ## - Name of Cataloguer
Name of Cataloger Zahid
650 ## - SUBJECT ADDED ENTRY--TOPICAL TERM
Topical term or geographic name as entry element Genetics
700 ## - ADDED ENTRY--PERSONAL NAME
Personal name Verma, S. R.
942 ## - ADDED ENTRY ELEMENTS (KOHA)
Source of classification or shelving scheme Dewey Decimal Classification
Koha item type Book
Holdings
Withdrawn status Lost status Source of classification or shelving scheme Damaged status Not for loan Home library Branch Name Date acquired Total Checkouts Full call number Barcode Date last seen Koha item type Shelving location Date checked out Price effective from Collection code
    Dewey Decimal Classification     SAU Library SAU Library 06/05/1990   581.15 DAA 14013 02/12/2014 Book        
    Dewey Decimal Classification     SAU Library SAU Library 06/05/1990 1 581.15 DAA 14037 04/12/2019 Book General Stacks 18/09/2019 04/02/2015  
    Dewey Decimal Classification     SAU Library SAU Library 06/05/1990   581.15 DAA 14025 04/02/2015 Book General Stacks   04/02/2015  
    Dewey Decimal Classification     SAU Library SAU Library 30/06/1991   581.15 DAA 17291 04/02/2015 Book General Stacks   04/02/2015  
    Dewey Decimal Classification     SAU Library SAU Library 30/06/1991   581.15 DAA 17284 04/02/2015 Book General Stacks   04/02/2015  
    Dewey Decimal Classification     SAU Library SAU Library 06/05/1990   581.15 DAA 14027 04/02/2015 Book General Stacks   04/02/2015  
    Dewey Decimal Classification     SAU Library SAU Library 06/05/1990   581.15 DAA 14024 04/02/2015 Book General Stacks   04/02/2015  
    Dewey Decimal Classification     SAU Library SAU Library 06/05/1990 3 581.15 DAA 14036 19/05/2024 Book General Stacks 23/04/2024 04/02/2015  
    Dewey Decimal Classification     SAU Library SAU Library 30/06/1991 1 581.15 DAA 17278 21/08/2023 Book General Stacks 31/07/2023 16/02/2015  
    Dewey Decimal Classification     SAU Library SAU Library 30/06/1991   581.15 DAA 14019 16/02/2015 Book General Stacks   16/02/2015  
    Dewey Decimal Classification     SAU Library SAU Library 06/05/1990   581.15 DAA 14020 23/02/2015 Book General Stacks   23/02/2015  
    Dewey Decimal Classification     SAU Library SAU Library 30/06/1991 2 581.15 DAA 17293 21/08/2023 Book General Stacks 01/08/2023 23/02/2015  
    Dewey Decimal Classification     SAU Library SAU Library 06/05/1990   581.15 DAA 14035 24/02/2015 Book General Stacks   24/02/2015  
    Dewey Decimal Classification     SAU Library SAU Library 30/06/1991 4 581.15 DAA 17285 27/02/2025 Book General Stacks 02/09/2024 24/02/2015  
    Dewey Decimal Classification     SAU Library SAU Library 06/05/1990   581.15 DAA 14010 24/02/2015 Book General Stacks   24/02/2015  
    Dewey Decimal Classification     SAU Library SAU Library 30/06/1991   581.15 DAA 17279 24/02/2015 Book General Stacks   24/02/2015  
    Dewey Decimal Classification     SAU Library SAU Library 06/05/1990 1 581.15 DAA 14034 13/11/2019 Book General Stacks 18/09/2019 24/02/2015  
    Dewey Decimal Classification     SAU Library SAU Library 06/05/1990   581.15 DAA 14014 24/02/2015 Book General Stacks   24/02/2015  
    Dewey Decimal Classification     SAU Library SAU Library 30/06/1991   581.15 DAA 17290 24/02/2015 Book General Stacks   24/02/2015  
    Dewey Decimal Classification     SAU Library SAU Library 06/05/1990   581.15 DAA 14017 24/02/2015 Book General Stacks   24/02/2015  
    Dewey Decimal Classification     SAU Library SAU Library 30/06/1991   581.15 DAA 17288 24/02/2015 Book General Stacks   24/02/2015  
    Dewey Decimal Classification     SAU Library SAU Library 30/06/1991 6 581.15 DAA 17283 21/08/2023 Book General Stacks 01/08/2023 24/02/2015  
    Dewey Decimal Classification   Not For Loan SAU Library SAU Library 30/06/1991   581.15 DAA 17277 24/05/2015 Book Reference   24/05/2015 Reference
    Dewey Decimal Classification     SAU Library SAU Library 30/06/1991 3 581.15 DAA 17292 10/06/2024 Book General Stacks 23/05/2024 23/07/2015